000
00260nam a22001217a 4500
082
_a
530 JUN'M
100
_a
JUNNARKAR, S. B
_9
42702
245
_a
MECHANICS OF STRUCTURES
250
_a
4TH
260
_a
KARACHI
_b
UNION
_c
1964
300
_a
VOL-2
942
_c
BK
999
_c
574270
_d
574270